000 00496nam a2200181Ia 4500
008 240925s9999 xx 000 0 und d
020 _a9788120335776
082 _a658.401 GAR
100 _aGarland, Eric
245 0 _aFurure INC: how businesses can anticipate and profit from what's next
250 _aNA
260 _aNew Delhi:
_bPHI Learning
_c,2008.
300 _axiv, 292p.
_bN.A
_fOriginal
500 _aIncludes Index
600 _aManagement
650 _aManagement
942 _cBK
999 _c17913
_d17913